Материалы для подготовки и проведения итоговой аттестации выпускников средних общеобразовательных учреждений по иностранному языку (Запись № 1007255)

Подробности
000 -МАРКЕР
контрольное поле 01727nam0a2200385 4500
001 - ИДЕНТИФИКАТОР ЗАПИСИ
контрольное поле RU\NLR\bibl\177970
005 - ИДЕНТИФИКАТОР ВЕРСИИ
контрольное поле 20260407075933.0
010 ## - МЕЖДУНАРОДНЫЙ СТАНДАРТНЫЙ НОМЕР КНИГИ (ISBN)
Номер (ISBN) 5-7107-4203-1
Тираж 10000
021 ## - НОМЕР ГОСУДАРСТВЕННОЙ РЕГИСТРАЦИИ
Код страны Российская Федерация
Номер 2001-23648
Номер Листа государственной регистраци 1123
035 ## - ДРУГИЕ СИСТЕМНЫЕ НОМЕРА
Идентификатор записи (NLR Aleph) 000174658
100 ## - ДАННЫЕ ОБЩЕЙ ОБРАБОТКИ
Данные общей обработки 20010803d2001 |||y0rusy50 ca
101 0# - ЯЗЫК РЕСУРСА
Язык текста, звукозаписи и т.д. русский
102 ## - СТРАНА ПУБЛИКАЦИИ ИЛИ ПРОИЗВОДСТВА
Страна публикации Российская Федерация
105 ## - ПОЛЕ КОДИРОВАННЫХ ДАННЫХ: ТЕКСТОВЫЕ МАТЕРИАЛЫ, МОНОГРАФИЧЕСКИЕ
Кодированные данные о монографическом текстовом документе a |||||||||
200 1# - ЗАГЛАВИЕ И СВЕДЕНИЯ ОБ ОТВЕТСТВЕННОСТИ
Основное заглавие Материалы для подготовки и проведения итоговой аттестации выпускников средних общеобразовательных учреждений по иностранному языку
Сведения, относящиеся к заглавию 11 кл.
Первые сведения об ответственности М-во образования Рос. Федерации
Последующие сведения об ответственности [Сост. Е.Е. Горчилина]
210 ## - ПУБЛИКАЦИЯ, РАСПРОСТРАНЕНИЕ И ДР.
Место издания, распространения и т.д. М.
Имя издателя, распространителя и т. д. Дрофа
Дата издания, распространения и т.д. 2001
215 ## - ФИЗИЧЕСКАЯ ХАРАКТЕРИСТИКА
Специфическое обозначение материала и объем 223 с.
Другие сведения о физической характеристике ил.
Размеры 20
225 1# - СЕРИЯ
Основное заглавие серии Выпускной экзамен
300 ## - ОБЩИЕ ПРИМЕЧАНИЯ
Текст примечания Загл. обл.: Иностранный язык
512 1# - ЗАГЛАВИЕ ОБЛОЖКИ
Заглавие обложки Иностранный язык
606 0# - НАИМЕНОВАНИЕ ТЕМЫ КАК ПРЕДМЕТ
Наименование темы Иностранные языки
Тематический подзаголовок Экзамены выпускные
Системный номер авторитетной/нормативной записи 2217636
Идентификатор авторитетной/нормативной записи RU\NLR\auth\661331815
610 0# - НЕКОНТРОЛИРУЕМЫЕ ПРЕДМЕТНЫЕ ТЕРМИНЫ
Предметный термин Иностранные языки - Успеваемость учащихся - Проверка
675 ## - УНИВЕРСАЛЬНАЯ ДЕСЯТИЧНАЯ КЛАССИФИКАЦИЯ (UDC/УДК)
Индекс 372.881
Издание 3
Язык издания rus
686 ## - ИНДЕКСЫ ДРУГИХ КЛАССИФИКАЦИЙ
Индекс 14
Код системы
686 ## - ИНДЕКСЫ ДРУГИХ КЛАССИФИКАЦИЙ
Индекс 74.268.1
Код системы
686 ## - ИНДЕКСЫ ДРУГИХ КЛАССИФИКАЦИЙ
Индекс Ч426.17-285
702 #1 - ИМЯ ЛИЦА - ВТОРИЧНАЯ ОТВЕТСТВЕННОСТЬ
Начальный элемент ввода Горчилина
Часть имени, кроме начального элемента ввода Е. Е.
Расширение инициалов личного имени Елена Евгеньевна
Код отношения Составитель
712 01 - НАИМЕНОВАНИЕ ОРГАНИЗАЦИИ - ВТОРИЧНАЯ ОТВЕТСТВЕННОСТЬ
Код отношения Прочие
Начальный элемент ввода Российская Федерация
Структурное подразделение Министерство образования
Системный номер авторитетной/нормативной записи 280683
Идентификатор авторитетной/нормативной записи RU\NLR\AUTH\884572
801 #0 - ИСТОЧНИК ЗАПИСИ
Страна Российская Федерация
Организация RKP
Дата составления 20010803
Правила каталогизации PSBO
801 #1 - ИСТОЧНИК ЗАПИСИ
Страна Российская Федерация
Организация RKP
Дата составления 20010803
801 #2 - ИСТОЧНИК ЗАПИСИ
Страна Российская Федерация
Организация NLR
Дата составления 20030623
Правила каталогизации rcr
942 ## - ДОПОЛНИТЕЛЬНЫЕ ЭЛЕМЕНТЫ ЗАПИСИ (АБИС)
Тип экземпляра АБИС Книга
980 ## - КОЛЛЕКЦИЯ
Название коллекции Национальная библиография
Экземпляры
Тип экземпляра Дата поступления Источник поступления Стоимость Библиотека постоянного хранения Библиотека текущего хранения Место хранения Штрих-код Статус экземпляра Шифр хранения
Книга 21.08.2001 Обязательный экземпляр   РНБ (Московский) РНБ (Московский) Русский книжный фонд: издания с 1957 года 151114   2001-3/10534
Книга 21.08.2001 Обязательный экземпляр   РНБ (Московский) РНБ (Московский) Русский книжный фонд: издания с 1957 года 151115   2001-3/10534
Книга 23.07.2004 Подсобные фонды РНБ 16.30 РНБ (Садовая) РНБ (Садовая) Макулатура 728712    
Книга 26.04.2006 Покупка 16.30 РНБ (Фонтанка) РНБ (Фонтанка) Юношеский читальный зал 1-350924   Ю Ч42/М-34